| 000 -LEADER |
| fixed length control field |
01092nam a22002177a 4500 |
| 003 - CONTROL NUMBER IDENTIFIER |
| control field |
OSt |
| 005 - DATE AND TIME OF LATEST TRANSACTION |
| control field |
20260122193901.0 |
| 008 - FIXED-LENGTH DATA ELEMENTS--GENERAL INFORMATION |
| fixed length control field |
230226b ||||| |||| 00| 0 eng d |
| 040 ## - CATALOGING SOURCE |
| Transcribing agency |
Ost |
| 041 ## - LANGUAGE CODE |
| Language code of text/sound track or separate title |
Shan |
| 082 ## - DEWEY DECIMAL CLASSIFICATION NUMBER |
| Classification number |
294.34435 |
| 100 ## - MAIN ENTRY--PERSONAL NAME |
| Personal name |
ၸႃႇၵရ (ၸဝ်ႈၶိူဝ်းတႆး) |
| 245 ## - TITLE STATEMENT |
| Title |
လၢႆးၵၢၼ်ၽႃႇဝၼႃႇမဵတ်ႉတႃႇ |
| Statement of responsibility, etc. |
ၸႃႇၵရ (ၸဝ်ႈၶိူဝ်းတႆး) |
| 260 ## - PUBLICATION, DISTRIBUTION, ETC. |
| Place of publication, distribution, etc. |
[ဝဵင်း] |
| Name of publisher, distributor, etc. |
[တီႈ] |
| Date of publication, distribution, etc. |
[ပီ] |
| 300 ## - PHYSICAL DESCRIPTION |
| Extent |
86 ၼႃႈ |
| Other physical details |
လွၵ်းဢၢင်း |
| Dimensions |
19 ၸိၼ်ႇထီႇ |
| 500 ## - GENERAL NOTE |
| General note |
S-SAT: Dr. Prof Sai Aung Tun |
|
| General note |
ပပ်ႉၸဝ်ႈတႃႇၼႁင်းၶေႃ ၶွင်တွၵ်ႉတိူဝ်ႇၸၢႆးဢွင်ႇထုၼ်း၊ ပပ်ႉၼႆႉဢဝ်လိၵ်ႈမၢၼ်ႈလိၵ်ႈတႆးတႅမ်ႈၸွမ်းၵၼ် |
| 650 ## - SUBJECT ADDED ENTRY--TOPICAL TERM |
| Topical term or geographic name entry element |
ၵၢၼ်ၼင်ႈတြႃး၊ ဝိပသ်သၼႃႇ၊ ၵမ်ႇမထၢၼ်း |
| 942 ## - ADDED ENTRY ELEMENTS (KOHA) |
| Koha item type |
Book (Short term) |
| 100 ## - MAIN ENTRY--PERSONAL NAME |
| 9 (RLIN) |
20661 |
| 650 ## - SUBJECT ADDED ENTRY--TOPICAL TERM |
| 9 (RLIN) |
20662 |
|
| Source of classification or shelving scheme |
|